[Event "13th EICC"]
[Site "Plovdiv BUL"]
[Date "2012.03.25"]
[Round "6.69"]
[White "Nedev, Trajko"]
[Black "Maze, Sebastien"]
[Result "1/2-1/2"]
[WhiteTitle "GM"]
[BlackTitle "GM"]
[WhiteElo "2492"]
[BlackElo "2577"]
[WhiteFideId "15000605"]
[BlackFideId "613762"]
[EventDate "2012.03.20"]
[EventType "swiss"]

1. e4 e5 2. Nf3 Nc6 3. d4 exd4 4. Nxd4 Bb4+ 5. c3 Bc5 6. Nxc6 bxc6 7. Bd3 Qh4 8.
Qe2 Nf6 9. h3 d6 10. g3 Qh5 11. Qxh5 Nxh5 12. Nd2 Nf6 13. b4 Bb6 14. a4 a5 15.
Nc4 Ba6 16. Nxb6 cxb6 17. b5 cxb5 18. axb5 Bb7 19. O-O Nd7 20. Rd1 Ke7 21. Be3
Nc5 22. Bc2 Rhd8 23. f3 Bc8 24. e5 dxe5 25. Bxc5+ bxc5 26. Rxd8 Kxd8 27. Be4 Rb8
28. Rxa5 Be6 29. Kf2 Kc7 30. Bc6 c4 31. Ke2 Kb6 32. Ra6+ Kc5 33. Ra7 h5 34. h4
Rd8 35. Rc7 Rc8 36. Re7 Rd8 37. Rc7 Rc8 38. Re7 Rd8 39. Rc7 1/2-1/2

[Event "13th EICC"]
[Site "Plovdiv BUL"]
[Date "2012.03.25"]
[Round "6.70"]
[White "Jurcik, Marian"]
[Black "Papin, Vasily"]
[Result "1/2-1/2"]
[WhiteTitle "IM"]
[BlackTitle "GM"]
[WhiteElo "2467"]
[BlackElo "2575"]
[WhiteFideId "14907518"]
[BlackFideId "4143183"]
[EventDate "2012.03.20"]
[EventType "swiss"]

1. e4 c5 2. Nf3 e6 3. d4 cxd4 4. Nxd4 a6 5. Bd3 g6 6. O-O Bg7 7. Nf3 Nc6 8. c4
Nge7 9. Nc3 O-O 10. Be2 f5 11. exf5 Nxf5 12. Ne4 d5 13. Ng3 d4 14. Bd3 e5 15.
Ng5 Qc7 16. Bd2 Nd8 17. Bb4 Rf6 18. N5e4 Rc6 19. c5 Nf7 20. Bc4 Be6 21. Bxe6
Rxe6 22. Qb3 Qd7 23. Rac1 Ne7 24. Nd6 Bh6 25. Rc2 Nc6 26. Ba3 Rb8 27. Nge4 Kh8
28. h4 Kg7 29. Rd1 Re7 30. Rd3 Nfd8 31. Rg3 Bf4 32. Rf3 Qg4 33. g3 Ne6 34. Kf1
d3 35. Qxd3 Ned4 36. Rc3 Qh3+ 37. Kg1 Nxf3+ 38. Qxf3 Nd4 39. Qd1 Bh6 40. Rd3 Rf8
41. c6 Nxc6 42. Nc4 Rfe8 1/2-1/2

[Event "13th EICC"]
[Site "Plovdiv BUL"]
[Date "2012.03.25"]
[Round "6.71"]
[White "Arsovic, Zoran"]
[Black "Swiercz, Dariusz"]
[Result "0-1"]
[WhiteTitle "IM"]
[BlackTitle "GM"]
[WhiteElo "2435"]
[BlackElo "2565"]
[WhiteFideId "901679"]
[BlackFideId "1126881"]
[EventDate "2012.03.20"]
[EventType "swiss"]

1. Nf3 f5 2. g3 Nf6 3. Bg2 g6 4. O-O Bg7 5. d4 O-O 6. Nbd2 Nc6 7. c3 e6 8. Qc2
d5 9. b4 a6 10. a4 Ne4 11. Bb2 Bd7 12. b5 Na5 13. c4 Nxc4 14. Nxc4 dxc4 15. bxa6
Rxa6 16. Qxc4 Rxa4 17. Rxa4 b5 18. Qc2 bxa4 19. Rc1 Qe7 20. Ne5 Bxe5 21. dxe5 a3
22. Bd4 Qb4 23. Be3 Ra8 24. Bxe4 Qxe4 25. Qxc7 Qd5 26. Qc5 Qxc5 27. Bxc5 a2 28.
Bd4 Bb5 29. e3 g5 30. f4 h6 31. Kf2 Kf7 32. h3 Ra4 33. Ke1 Bd3 34. Kd2 Be4 35.
Rc7+ Kg6 36. Rd7 Bg2 37. Re7 Bd5 38. Rc7 Rb4 39. Rc2 Rb1 40. Rc1 Bg2 41. Kc2 h5
42. Bc3 Rxc1+ 43. Kxc1 Bxh3 44. fxg5 Kxg5 45. Kb2 Kg4 46. Be1 Kf3 47. Kxa2 Kxe3
48. Kb3 Ke2 49. Bb4 f4 0-1

[Event "13th EICC"]
[Site "Plovdiv BUL"]
[Date "2012.03.25"]
[Round "6.73"]
[White "Fedorovsky, Michael"]
[Black "Grigoriants, Sergey"]
[Result "0-1"]
[WhiteTitle "IM"]
[BlackTitle "GM"]
[WhiteElo "2395"]
[BlackElo "2561"]
[WhiteFideId "14105454"]
[BlackFideId "4130804"]
[EventDate "2012.03.20"]
[EventType "swiss"]

1. d4 d5 2. c4 c6 3. cxd5 cxd5 4. Nc3 Nc6 5. Nf3 Nf6 6. Bf4 Nh5 7. Bd2 Nf6 8.
Bf4 Nh5 9. Bd2 Nf6 10. h3 Bf5 11. g4 Be4 12. e3 e6 13. Nxe4 Nxe4 14. Bb5 Bd6 15.
Rc1 O-O 16. Bxc6 bxc6 17. Rxc6 f5 18. g5 f4 19. exf4 Bxf4 20. Bxf4 Rxf4 21. O-O
Qe7 22. Re1 Raf8 23. Re3 Qf7 24. Ne5 Qf5 25. f3 Qxg5+ 26. Ng4 Rxg4+ 0-1

[Event "13th EICC"]
[Site "Plovdiv BUL"]
[Date "2012.03.25"]
[Round "6.74"]
[White "Ipatov, Alexander"]
[Black "Boruchovsky, Avital"]
[Result "1-0"]
[WhiteTitle "GM"]
[BlackTitle "FM"]
[WhiteElo "2561"]
[BlackElo "2333"]
[WhiteFideId "14116731"]
[BlackFideId "2800055"]
[EventDate "2012.03.20"]
[EventType "swiss"]

1. d4 d5 2. c4 e6 3. Nf3 Nf6 4. Nc3 Bb4 5. cxd5 exd5 6. Bg5 h6 7. Bxf6 Qxf6 8.
Qb3 Qb6 9. e3 c6 10. Bd3 Bd6 11. Qc2 Qd8 12. Rb1 O-O 13. b4 a6 14. a4 b5 15. a5
Qe7 16. Na2 Qf6 17. Nc1 Bg4 18. Nd2 Re8 19. O-O Qh4 20. g3 Qe7 21. Qc3 Nd7 22.
Re1 Rac8 23. Bf1 Qf6 24. Rb3 Nf8 25. Nd3 Ne6 26. f4 Qg6 27. Bg2 f6 28. Nf2 Bb8
29. Nxg4 Qxg4 30. Rbb1 Qh5 31. Kh1 Kh8 32. e4 Ba7 33. Nb3 dxe4 34. Rxe4 Qf7 35.
Rbe1 Qd7 36. R4e2 Kg8 37. Qd3 Kf8 38. Qf5 Kf7 39. Bh3 g6 40. Qxe6+ 1-0

[Event "13th EICC"]
[Site "Plovdiv BUL"]
[Date "2012.03.25"]
[Round "6.81"]
[White "Roiz, Michael"]
[Black "Can, Emre"]
[Result "1/2-1/2"]
[WhiteTitle "GM"]
[BlackTitle "GM"]
[WhiteElo "2652"]
[BlackElo "2476"]
[WhiteFideId "2804158"]
[BlackFideId "6302181"]
[EventDate "2012.03.20"]
[EventType "swiss"]

1. Nf3 Nf6 2. c4 g6 3. Nc3 Bg7 4. g3 O-O 5. Bg2 d6 6. O-O Nc6 7. d4 Bf5 8. b3
Ne4 9. Nd5 Bd7 10. Bb2 e6 11. Nf4 f5 12. Rb1 Qe7 13. Nd2 Nf6 14. d5 exd5 15.
cxd5 Ne5 16. Qc2 Rac8 17. Rbc1 c5 18. dxc6 Bxc6 19. Qb1 Rfe8 20. e3 d5 21. Nf3
Nxf3+ 22. Bxf3 Ne4 23. Rc2 Rcd8 24. Qa1 Ng5 25. Bg2 d4 26. Rxc6 bxc6 27. Bxc6
dxe3 28. Bxg7 exf2+ 29. Rxf2 Qxg7 30. Qxg7+ Kxg7 31. Bxe8 Rxe8 32. Rc2 Nf3+ 33.
Kf1 Re7 34. h4 Rd7 35. Kf2 Ne5 36. b4 Kf6 37. b5 h6 38. a4 g5 39. hxg5+ hxg5 40.
Ne2 Rd1 41. Rc1 1/2-1/2

[Event "13th EICC"]
[Site "Plovdiv BUL"]
[Date "2012.03.25"]
[Round "6.82"]
[White "Socko, Bartosz"]
[Black "Smirnov, Artem"]
[Result "1-0"]
[WhiteTitle "GM"]
[BlackTitle "IM"]
[WhiteElo "2647"]
[BlackElo "2436"]
[WhiteFideId "1107038"]
[BlackFideId "4143256"]
[EventDate "2012.03.20"]
[EventType "swiss"]

1. e4 Nf6 2. e5 Nd5 3. d4 d6 4. c4 Nb6 5. exd6 cxd6 6. Nc3 g6 7. Nf3 Bg7 8. Be3
O-O 9. b3 Nc6 10. Rc1 Bg4 11. d5 Ne5 12. Be2 Bxf3 13. Bxf3 Nbd7 14. Be2 f5 15.
f4 Nf7 16. O-O a6 17. Bd4 Nf6 18. Na4 Re8 19. Nb6 Rb8 20. a4 e5 21. dxe6 Rxe6
22. Bf3 Ne4 23. a5 g5 24. Bxg7 Kxg7 25. Qd5 Qe8 26. Qd4+ Kg6 27. g4 Nh6 28. Rce1
Nc5 29. fxg5 fxg4 30. Bd5 Nf5 31. Qxg4 Re5 32. Rxe5 Qxe5 33. Bf7+ 1-0

[Event "13th EICC"]
[Site "Plovdiv BUL"]
[Date "2012.03.25"]
[Round "6.84"]
[White "Mastrovasilis, Dimitrios"]
[Black "Georgiadis, Ioannis"]
[Result "1-0"]
[WhiteTitle "GM"]
[BlackTitle "IM"]
[WhiteElo "2631"]
[BlackElo "2435"]
[WhiteFideId "4202694"]
[BlackFideId "4208900"]
[EventDate "2012.03.20"]
[EventType "swiss"]

1. e4 e5 2. Nf3 Nc6 3. Bb5 a6 4. Bxc6 dxc6 5. Nc3 f6 6. d4 Bb4 7. a3 Bxc3+ 8.
bxc3 Bg4 9. O-O Ne7 10. h3 Bxf3 11. Qxf3 O-O 12. Rd1 Ng6 13. a4 Qe8 14. a5 Qf7
15. Rb1 Rab8 16. Ba3 Rfe8 17. Bc5 Qa2 18. Ba7 Rbc8 19. Rxb7 Qxa5 20. g3 Qa2 21.
h4 exd4 22. cxd4 Qxc2 23. Re1 f5 24. e5 Ne7 25. Rbb1 Qc4 26. Bc5 Qd5 27. Re3
Qxf3 28. Rxf3 g6 29. Ra1 Ra8 30. Rfa3 Nd5 31. Rxa6 Rxa6 32. Rxa6 Kf7 33. Kf1 Re6
34. Ke2 Nc3+ 35. Ke3 Nd5+ 36. Kd3 h6 37. Kc4 h5 38. Ra7 Ke8 39. Ra8+ Kd7 40. Rg8
f4 41. Kd3 f3 42. Kd2 Re8 43. Rxg6 Re6 44. Rg7+ 1-0

[Event "13th EICC"]
[Site "Plovdiv BUL"]
[Date "2012.03.25"]
[Round "6.85"]
[White "Filip, Lucian"]
[Black "Howell, David W L"]
[Result "0-1"]
[WhiteTitle "IM"]
[BlackTitle "GM"]
[WhiteElo "2483"]
[BlackElo "2614"]
[WhiteFideId "1208900"]
[BlackFideId "410608"]
[EventDate "2012.03.20"]
[EventType "swiss"]

1. Nf3 d5 2. d4 Nf6 3. c4 c6 4. Nc3 e6 5. g3 dxc4 6. Bg2 b5 7. Ne5 a6 8. O-O Bb7
9. a4 Nd5 10. Ne4 f6 11. Nf3 Nd7 12. Bh3 Qe7 13. Bd2 f5 14. Neg5 h6 15. Nxe6
Qxe6 16. e4 Ne7 17. exf5 Qd5 18. Bg2 Nf6 19. Re1 O-O-O 20. Ba5 Rd7 21. Ne5 Qxd4
22. Nxd7 Qxd7 23. axb5 axb5 24. b3 Qxd1 25. Rexd1 Ned5 26. bxc4 bxc4 27. Rdc1
Bd6 28. Rxc4 Kd7 29. Bd2 Re8 30. Bf3 Bc7 31. Kg2 Bb6 32. Ba5 Ra8 33. Rca4 Bc5
34. Bd2 Re8 35. Re1 Rf8 36. Rb1 Kc7 37. g4 Re8 38. Re1 Rf8 39. Rb1 Re8 40. Re1
Rxe1 41. Bxe1 Bd6 42. Bd2 Nd7 43. h4 Ne5 44. Be2 c5 45. Kf1 Nc6 46. g5 hxg5 47.
hxg5 Nd4 48. f6 gxf6 49. g6 Nxe2 50. g7 Ne7 51. Kxe2 Bd5 52. Ra7+ Kb6 53. Bf4
Kxa7 54. Bxd6 Ng8 55. Bxc5+ Kb7 56. Ke3 Kc6 57. Bf8 Kd7 58. Kf4 Ke6 0-1

[Event "13th EICC"]
[Site "Plovdiv BUL"]
[Date "2012.03.25"]
[Round "6.86"]
[White "Perunovic, Miodrag"]
[Black "Markowski, Tomasz"]
[Result "0-1"]
[WhiteTitle "IM"]
[BlackTitle "GM"]
[WhiteElo "2481"]
[BlackElo "2612"]
[WhiteFideId "919993"]
[BlackFideId "1105680"]
[EventDate "2012.03.20"]
[EventType "swiss"]

1. d4 Nf6 2. c4 e6 3. Nf3 b6 4. g3 Bb7 5. Bg2 Be7 6. Nc3 O-O 7. Qc2 Na6 8. a3 c5
9. d5 exd5 10. Ng5 h6 11. h4 Nc7 12. Nxd5 Ncxd5 13. cxd5 Re8 14. Bd2 Bd6 15. Bc3
Be5 16. Bxe5 Rxe5 17. Nf3 Re8 18. O-O-O Bxd5 19. g4 Be4 20. Qc3 Nd5 21. Rxd5
Bxd5 22. g5 h5 23. g6 fxg6 24. Rd1 Be4 25. Bh3 Qf6 26. Bxd7 Qxc3+ 27. bxc3 Red8
28. Ng5 Bf5 29. Ne6 Rxd7 0-1

[Event "13th EICC"]
[Site "Plovdiv BUL"]
[Date "2012.03.25"]
[Round "6.87"]
[White "Hunt, Adam C"]
[Black "Ponkratov, Pavel"]
[Result "1-0"]
[WhiteTitle "IM"]
[BlackTitle "GM"]
[WhiteElo "2454"]
[BlackElo "2607"]
[WhiteFideId "403970"]
[BlackFideId "4157800"]
[EventDate "2012.03.20"]
[EventType "swiss"]

1. e4 e6 2. d4 d5 3. Nc3 Bb4 4. e5 c5 5. a3 Bxc3+ 6. bxc3 Qc7 7. Qg4 f6 8. Nf3
c4 9. Be2 Qf7 10. O-O Ne7 11. a4 Nbc6 12. Ba3 Ng6 13. Qg3 Bd7 14. exf6 gxf6 15.
Qc7 Bc8 16. Qd6 Nce7 17. Rfe1 O-O 18. Nh4 Nxh4 19. Qxe7 Qxe7 20. Bxe7 Rf7 21.
Bd6 Rg7 22. g3 Nf5 23. Bf4 a5 24. Bf1 Nh4 25. Re2 Ng6 26. Bh6 Rc7 27. h4 Ra6 28.
h5 Ne7 29. Bf4 Rcc6 30. Bh3 Kf7 31. g4 Rab6 32. Bc1 Bd7 33. g5 Rc8 34. f4 Rg8
35. Kf2 Nc8 36. Bg2 Nd6 37. Bf3 Be8 38. Bd2 f5 39. Bc1 Ne4+ 40. Bxe4 fxe4 41.
Ba3 Rg7 42. Bc5 Ra6 43. Kg3 Kg8 44. Kg4 b6 45. Bd6 Rb7 46. Be5 b5 47. axb5 Rxb5
48. Ree1 a4 49. Reb1 Rxb1 50. Rxb1 a3 51. Rb8 Kf7 52. g6+ hxg6 53. h6 a2 54.
Rb7+ Bd7 55. Rxd7+ Ke8 56. h7 Kxd7 57. h8=Q a1=Q 58. Qg7+ Kc6 59. Qc7+ Kb5 60.
Qc5+ 1-0

[Event "13th EICC"]
[Site "Plovdiv BUL"]
[Date "2012.03.25"]
[Round "6.89"]
[White "Sulskis, Sarunas"]
[Black "Enchev, Ivajlo"]
[Result "1/2-1/2"]
[WhiteTitle "GM"]
[BlackTitle "IM"]
[WhiteElo "2596"]
[BlackElo "2432"]
[WhiteFideId "12800112"]
[BlackFideId "2907712"]
[EventDate "2012.03.20"]
[EventType "swiss"]

1. e4 e5 2. Nf3 Nc6 3. Bb5 a6 4. Ba4 Nf6 5. O-O Be7 6. Re1 b5 7. Bb3 d6 8. c3
O-O 9. a4 Rb8 10. axb5 axb5 11. d4 exd4 12. cxd4 Bg4 13. Nc3 Nb4 14. h3 Bh5 15.
g4 Bg6 16. Nh4 c5 17. dxc5 dxc5 18. e5 Ne8 19. Nxg6 hxg6 20. Qxd8 Bxd8 21. Be3
c4 22. Bc5 Nd3 23. Bxf8 Nxe1 24. Rxe1 Kxf8 25. Bc2 Nc7 26. Rd1 Ne6 27. b3 Bc7
28. bxc4 bxc4 29. Rb1 Rxb1+ 30. Bxb1 Bxe5 31. Nd5 g5 32. Nb6 Bd4 33. Nxc4 Nf4
34. Kf1 Nxh3 35. f3 Nf4 36. Be4 Ke7 37. Na3 Ke6 38. Nc2 Bc3 39. Ne3 Ke5 40. Nc4+
Ke6 41. Ne3 g6 42. Ng2 Nd5 43. Bxd5+ Kxd5 44. Ne3+ Ke5 45. Ke2 Bd4 46. Ng2 Kd5
47. Kd3 Ke5 48. Kd2 Bc5 49. Ke2 Kd5 50. Kd3 f5 51. Ke2 Bd6 52. Ne3+ Ke6 53. Nc4
Bc7 54. Ke3 Kd5 55. Kd3 Bh2 56. Ne3+ Ke5 57. Nc4+ Ke6 1/2-1/2

[Event "13th EICC"]
[Site "Plovdiv BUL"]
[Date "2012.03.25"]
[Round "6.91"]
[White "Ernst, Sipke"]
[Black "Indjic, Aleksandar"]
[Result "1-0"]
[WhiteTitle "GM"]
[WhiteElo "2578"]
[BlackElo "2430"]
[WhiteFideId "1004689"]
[BlackFideId "911925"]
[EventDate "2012.03.20"]
[EventType "swiss"]

1. c4 g6 2. d4 Bg7 3. e4 c5 4. Ne2 cxd4 5. Nxd4 Nc6 6. Nc2 d6 7. Be2 Be6 8. O-O
Rc8 9. Nc3 Bxc3 10. bxc3 Nf6 11. f3 Ne5 12. Rb1 b6 13. Bh6 Bxc4 14. Bg7 Rg8 15.
Bxf6 exf6 16. Ne3 Bxe2 17. Qxe2 Kf8 18. Rb4 Kg7 19. Qd2 Qc7 20. Nd5 Qc5+ 21. Kh1
Rge8 22. Rfb1 Nc4 23. Qd3 Re5 24. f4 Re6 25. Rf1 a5 26. Rbb1 Ree8 27. a4 Na3 28.
Rb3 b5 29. axb5 Qc4 30. Qd1 Nxb5 31. f5 g5 32. Nb6 Nxc3 33. Nxc4 Nxd1 34. Nxd6
Nf2+ 35. Kg1 Nxe4 36. Nxe8+ Rxe8 37. Re3 Re5 38. Rfe1 Nd6 39. Rxe5 fxe5 40. Rxe5
Kf6 41. Rxa5 Nxf5 42. Ra6+ Kg7 43. Kf2 h6 44. Ra2 Kg6 45. Kf3 h5 46. Ke4 f6 47.
Rf2 Nd6+ 48. Kd5 Nf5 49. Ke6 Ng7+ 50. Kd7 Nf5 51. Re2 g4 52. Re4 Nh4 53. Re2 Nf5
54. Ra2 Ne3 55. Ke6 Kg5 56. Ra5+ Kg6 57. g3 Nf1 58. Ra2 h4 59. gxh4 Kh5 60. Kf5
Kxh4 1-0

[Event "13th EICC"]
[Site "Plovdiv BUL"]
[Date "2012.03.25"]
[Round "6.92"]
[White "Chatalbashev, Boris"]
[Black "Baltag, Iulian"]
[Result "1-0"]
[WhiteTitle "GM"]
[BlackTitle "IM"]
[WhiteElo "2570"]
[BlackElo "2420"]
[WhiteFideId "2900440"]
[BlackFideId "13901419"]
[EventDate "2012.03.20"]
[EventType "swiss"]

1. c4 Nf6 2. d4 g6 3. Nc3 Bg7 4. e4 d6 5. Bg5 O-O 6. Qd2 Nbd7 7. Bd3 c6 8. Nge2
e5 9. d5 Nc5 10. Bc2 cxd5 11. cxd5 a5 12. O-O Bd7 13. a3 a4 14. Kh1 Qb6 15. f3
Nh5 16. g4 Nf4 17. Nxf4 exf4 18. Rab1 Nb3 19. Bxb3 Qxb3 20. Bxf4 Ra6 21. Bh6 Qc4
22. Bxg7 Kxg7 23. Rbc1 Kg8 24. Ne2 Qb5 25. Rc7 Rb6 26. Rf2 Bc8 27. Nd4 Qe8 28.
Qa5 Ra6 29. Qc3 Ra8 30. Rc2 Qe5 31. Qe3 Re8 32. f4 Qf6 33. g5 Qd8 34. Nf3 Re7
35. R7c4 Bd7 36. f5 Qb8 37. h4 Qe8 1-0

[Event "13th EICC"]
[Site "Plovdiv BUL"]
[Date "2012.03.25"]
[Round "6.93"]
[White "Lintchevski, Daniil"]
[Black "Ledger, Andrew J"]
[Result "1-0"]
[WhiteTitle "GM"]
[BlackTitle "IM"]
[WhiteElo "2564"]
[BlackElo "2424"]
[WhiteFideId "4171055"]
[BlackFideId "400610"]
[EventDate "2012.03.20"]
[EventType "swiss"]

1. e4 e5 2. Nf3 Nc6 3. Bb5 Nf6 4. O-O Nxe4 5. d4 Nd6 6. Bxc6 dxc6 7. dxe5 Nf5 8.
Qxd8+ Kxd8 9. Nc3 Ke8 10. h3 Be7 11. Bf4 h6 12. Rad1 g5 13. Bh2 Be6 14. Ne4 Rd8
15. Nf6+ Kf8 16. g4 Ng7 17. Rxd8+ Bxd8 18. Rd1 Be7 19. Nd4 Bc8 20. Kg2 h5 21. f3
a6 22. Ne2 hxg4 23. hxg4 Ne6 24. Nh5 Bc5 25. Bg1 Bxg1 26. Kxg1 Ke7 27. Neg3 Rd8
28. Nf5+ Kf8 29. Rxd8+ Nxd8 30. Nf6 Ne6 31. b4 b6 32. Kf2 c5 33. bxc5 bxc5 34.
Ne3 Bb7 35. c3 Bc6 36. Kg3 Kg7 37. Nc4 Kg6 38. Ng8 Kg7 39. Ne7 Bb7 40. Nf5+ Kg6 1-0

[Event "13th EICC"]
[Site "Plovdiv BUL"]
[Date "2012.03.25"]
[Round "6.94"]
[White "Arnaudov, G. Petar"]
[Black "Manolache, Marius"]
[Result "1/2-1/2"]
[WhiteTitle "IM"]
[BlackTitle "GM"]
[WhiteElo "2476"]
[BlackElo "2561"]
[WhiteFideId "2907127"]
[BlackFideId "1201530"]
[EventDate "2012.03.20"]
[EventType "swiss"]

1. c4 Nf6 2. Nc3 d6 3. d4 g6 4. e4 Bg7 5. h3 O-O 6. Nf3 a6 7. Be3 Nc6 8. d5 Nb8
9. Bd3 Nbd7 10. Qd2 Re8 11. Bh6 Ne5 12. Nxe5 dxe5 13. Bxg7 Kxg7 14. O-O Qd6 15.
Rae1 c6 16. f4 b5 17. Qf2 bxc4 18. Bxc4 Bb7 19. dxc6 Bxc6 20. Rd1 Qc7 21. Bd5
exf4 22. Bxc6 Qxc6 23. Qxf4 Qb6+ 24. Rf2 Qe6 25. e5 Nh5 26. Qe3 f5 27. exf6+
exf6 28. Qxe6 Rxe6 29. g4 Ng3 30. Kg2 Ne4 31. Nxe4 Rxe4 32. Rd7+ Kh6 33. Rxf6
Kg5 34. Rf3 h5 35. gxh5 gxh5 36. Kg3 h4+ 37. Kf2 Rae8 38. Rd5+ Kg6 39. Rd2 Kg5
40. Rfd3 Rf4+ 41. Kg2 Rfe4 42. Rd5+ Kg6 43. Rd6+ Kg7 44. b3 Re2+ 45. Kf1 Re1+
46. Kf2 Rh1 47. Kg2 Ree1 48. Rxa6 Reg1+ 49. Kf2 Rf1+ 50. Ke2 Rf7 51. Rd4 Rh2+
52. Kd3 Rxh3+ 53. Kc4 Rh1 54. Rg4+ Kh7 55. b4 h3 56. Rh4+ Kg7 57. Rah6 Rf3 58.
a4 Rb1 59. b5 Ra1 60. Rxh3 Rxa4+ 61. Kc5 Rf5+ 62. Kc6 Rc4+ 63. Kb6 Rb4 64. Rh7+
Kg8 65. Rh8+ Kg7 66. R3h7+ Kg6 1/2-1/2

[Event "13th EICC"]
[Site "Plovdiv BUL"]
[Date "2012.03.25"]
[Round "6.98"]
[White "Sharafiev, Azat"]
[Black "Popov, Valerij"]
[Result "0-1"]
[WhiteTitle "IM"]
[BlackTitle "GM"]
[WhiteElo "2433"]
[BlackElo "2546"]
[WhiteFideId "4186214"]
[BlackFideId "4119410"]
[EventDate "2012.03.20"]
[EventType "swiss"]

1. d4 Nf6 2. c4 g6 3. g3 Bg7 4. Bg2 O-O 5. Nc3 d6 6. Nf3 c6 7. O-O Bf5 8. Nd2
Qb6 9. Nb3 Qa6 10. e4 Bg4 11. f3 Be6 12. d5 Bd7 13. Qe2 cxd5 14. cxd5 Qxe2 15.
Nxe2 Rc8 16. Be3 Na6 17. Ned4 Nb4 18. Rfc1 a5 19. Bf1 Na6 20. Bxa6 Rxa6 21. Rc2
a4 22. Nc1 a3 23. Rb1 axb2 24. Nd3 Ba4 25. Rcxb2 Rc4 26. Nb4 Rb6 27. Nd3 Rxb2
28. Rxb2 Rc3 0-1

[Event "13th EICC"]
[Site "Plovdiv BUL"]
[Date "2012.03.25"]
[Round "6.99"]
[White "Zoler, Dan"]
[Black "Kanter, Eduard"]
[Result "1/2-1/2"]
[WhiteTitle "GM"]
[BlackTitle "IM"]
[WhiteElo "2541"]
[BlackElo "2394"]
[WhiteFideId "2800705"]
[BlackFideId "4103963"]
[EventDate "2012.03.20"]
[EventType "swiss"]

1. d4 Nf6 2. c4 g6 3. Nc3 d5 4. Nf3 Bg7 5. e3 O-O 6. cxd5 Nxd5 7. Bc4 Nxc3 8.
bxc3 c5 9. O-O Nc6 10. Ba3 Na5 11. Be2 b6 12. dxc5 Qc7 13. Nd4 bxc5 14. Nb5 Qb6
15. Qd5 Nb7 16. Rab1 Bf5 17. e4 Rfd8 18. Nd6 Rxd6 19. Rxb6 Rxd5 20. Rxb7 Bxe4
21. Rxe7 Re5 22. Rxe5 Bxe5 23. Bxc5 Bxc3 24. Rc1 Bf6 25. Be3 a5 26. a4 Rb8 27.
Bb5 Be7 28. Bd2 Bd8 29. Bf4 Ra8 30. Re1 f5 31. Rd1 Bf6 32. Bc7 Bc2 33. Rd7 Bb3
34. Kf1 Ra7 35. Bf4 Rxd7 36. Bxd7 Bc4+ 37. Ke1 Bc3+ 38. Bd2 Bxd2+ 39. Kxd2 Bd5
40. Kc3 Kf7 41. Kd4 Bxg2 42. Kc5 Ke7 43. Bb5 g5 44. Kb6 h5 45. Kxa5 g4 46. Kb6
h4 47. Be2 Kd8 48. a5 Kc8 49. a6 Kb8 50. Kc5 Bh3 51. Kb6 Bg2 52. Kc5 Bh3 53. Kb6 1/2-1/2

[Event "13th EICC"]
[Site "Plovdiv BUL"]
[Date "2012.03.25"]
[Round "6.101"]
[White "Neubauer, Martin"]
[Black "Rasulov, Vugar"]
[Result "0-1"]
[WhiteTitle "IM"]
[BlackTitle "GM"]
[WhiteElo "2413"]
[BlackElo "2526"]
[WhiteFideId "1602675"]
[BlackFideId "13402390"]
[EventDate "2012.03.20"]
[EventType "swiss"]

1. d4 Nf6 2. Nf3 c5 3. d5 b5 4. Bg5 Ne4 5. Bf4 Bb7 6. a4 Qa5+ 7. c3 e6 8. dxe6
fxe6 9. Nbd2 Nxd2 10. Qxd2 Be7 11. e3 Ba6 12. Bd3 bxa4 13. O-O Nc6 14. Ne5 Rd8
15. Nc4 Bxc4 16. Bxc4 Qb6 17. Rxa4 d5 18. Be2 O-O 19. e4 Kh8 20. exd5 exd5 21.
Ra6 Qb7 22. Rfa1 c4 23. Be3 Qb5 24. b3 Bf6 25. bxc4 dxc4 26. Qa2 Bxc3 27. Rb1
Nb4 28. Rxa7 Qf5 29. Rxb4 Bxb4 30. Qb2 c3 31. Qxb4 c2 32. g4 c1=Q+ 33. Bxc1
Qxf2+ 34. Kh1 Rd1+ 0-1

[Event "13th EICC"]
[Site "Plovdiv BUL"]
[Date "2012.03.25"]
[Round "6.103"]
[White "Djukic, Nikola"]
[Black "Abdulov, Orkhan"]
[Result "1-0"]
[WhiteTitle "GM"]
[BlackTitle "IM"]
[WhiteElo "2513"]
[BlackElo "2387"]
[WhiteFideId "922412"]
[BlackFideId "13402714"]
[EventDate "2012.03.20"]
[EventType "swiss"]

1. e4 g6 2. d4 Bg7 3. Nc3 c6 4. Nf3 d5 5. h3 Nf6 6. e5 Ne4 7. Nxe4 dxe4 8. Ng5
c5 9. e6 fxe6 10. Bc4 Qxd4 11. Qe2 Qe5 12. Nxe4 Nc6 13. c3 b6 14. f4 Qc7 15. Ng5
Nd8 16. O-O O-O 17. f5 Qe5 18. Qxe5 Bxe5 19. Nf3 Bf6 20. fxg6 hxg6 21. Bh6 Bg7
22. Bg5 Bf6 23. Bh6 Bg7 24. Bg5 Bf6 25. Rad1 Kg7 26. Bf4 Nc6 27. Bb5 Na5 28. Ne5
Bb7 29. b4 a6 30. Bd7 Bd5 31. bxa5 b5 32. Bc6 Bxc6 33. Nxc6 Bxc3 34. Rd7 Bf6 35.
Be5 Kh6 36. Re1 Bg5 37. Bb2 Rac8 38. Ne5 Bh4 39. Ng4+ Kh7 40. Rxe6 c4 41. Rexe7+
Bxe7 1-0

[Event "13th EICC"]
[Site "Plovdiv BUL"]
[Date "2012.03.25"]
[Round "6.105"]
[White "Donchenko, Alexander"]
[Black "Gallagher, Joseph G."]
[Result "0-1"]
[WhiteTitle "FM"]
[BlackTitle "GM"]
[WhiteElo "2309"]
[BlackElo "2502"]
[WhiteFideId "24603295"]
[BlackFideId "1303422"]
[EventDate "2012.03.20"]
[EventType "swiss"]

1. d4 Nf6 2. Nf3 g6 3. g3 Bg7 4. Bg2 O-O 5. O-O d6 6. b3 c5 7. c4 d5 8. Bb2 Nc6
9. dxc5 dxc4 10. Nd4 Qa5 11. Nxc6 bxc6 12. Qc2 Be6 13. Nd2 cxb3 14. axb3 Qb5 15.
e4 Rfb8 16. Rfd1 Nd7 17. Bxg7 Kxg7 18. Qc3+ f6 19. Ra5 Qb4 20. Qxb4 Rxb4 21. Kf1
Ne5 22. Rb1 Rd8 23. Ke2 Rd7 24. h3 Nd3 25. f4 Rbd4 26. Nf1 Bxb3 27. Ne3 Bc4 28.
Kf3 Bb5 29. Bf1 a6 30. Ra2 Nxc5 31. Bxb5 axb5 32. Rc1 Nd3 33. Rca1 b4 0-1

[Event "13th EICC"]
[Site "Plovdiv BUL"]
[Date "2012.03.25"]
[Round "6.106"]
[White "Kotronias, Vasilios"]
[Black "Petenyi, Tamas"]
[Result "0-1"]
[WhiteTitle "GM"]
[BlackTitle "FM"]
[WhiteElo "2597"]
[BlackElo "2359"]
[WhiteFideId "5900212"]
[BlackFideId "14909090"]
[EventDate "2012.03.20"]
[EventType "swiss"]

1. e4 e5 2. Nf3 Nc6 3. Bb5 a6 4. Ba4 Nf6 5. O-O Be7 6. Re1 b5 7. Bb3 d6 8. c3
O-O 9. h3 Na5 10. Bc2 c5 11. d4 Qc7 12. Nbd2 Nc6 13. d5 Nd8 14. a4 Rb8 15. b4 c4
16. Nf1 Ne8 17. N3h2 f6 18. f4 exf4 19. Bxf4 Nf7 20. Nf3 Ne5 21. Nd4 g6 22. axb5
axb5 23. Ra5 Bd7 24. Ne3 Ng7 25. Qd2 Bd8 26. Ra6 Qc8 27. Rxd6 Bc7 28. Rxd7 Qxd7
29. Bh6 Rbe8 30. Rf1 Rf7 31. Bd1 Nd3 32. Ng4 Nh5 33. Ne6 Rxe6 34. dxe6 Qxe6 35.
Be3 Ng3 36. Rf3 Nxe4 37. Qa2 Nxc3 38. Qa8+ Rf8 39. Nh6+ Kg7 40. Qa7 Qd6 41. Bc2
Ne1 0-1